000 00551nam a2200193Ia 4500
005 20250508162445.0
008 008 250505s9999 xx 000 0 eng d
037 _aTextual
040 _aFEDL
_beng
_cFEDL
041 _aeng
_2eng
084 _a155.422, CHO
_qFEDL
100 _aChopra Kamala
_988616
245 0 _aReinforcement amon infants
260 _aAgra, India
_bNational Psychological Corporation
_c1983
300 _axiv,103p.
650 _aChild Psychology
942 _cTEXL
_h155.422, CHO
999 _c1376661
_d1376661